[Event "AUTO-INT-604"]
[Site "http://www.queenalice.com/game.php?id=266993"]
[Date "2007.9.5"]
[Round "1"]
[White "bispo"]
[Black "ANUBIS_"]
[Result "0-1"]
[WhiteElo "1469"]
[BlackElo "1345"]

1. e4 e5 2. Nf3 d6 3. d4 Nf6 4. Nc3 exd4 5. Nxd4 d5 6. e5 Ng8 7. Be2 Bb4 8. Bd2
c5 9. Nf3 Nh6 10. a3 Bxc3 11. Bxc3 d4 12. Bd2 Be6 13. Bxh6 gxh6 14. O-O b5 15.
Bxb5+ Bd7 16. Bxd7+ Qxd7 17. Qd2 Nc6 18. Qxh6 O-O-O 0-1

[Event "AUTO-INT-604"]
[Site "http://www.queenalice.com/game.php?id=266994"]
[Date "2007.9.5"]
[Round "1"]
[White "ANUBIS_"]
[Black "bispo"]
[Result "1-0"]
[WhiteElo "1370"]
[BlackElo "1469"]

1. e4 c5 2. c4 e6 3. Nf3 Nc6 4. d4 cxd4 5. Nxd4 Nf6 6. Bg5 Be7 7. Be2 Nxe4 8.
Be3 O-O 9. O-O f5 10. Bh6 Bg5 11. Bxg7 Kxg7 12. Nc3 Nxd4 13. Qxd4+ Bf6 14. Qe3
Rg8 15. Nxe4 Kh8 16. Qh6 Bxb2 17. Bh5 Bxa1 18. Ng5 1-0

[Event "AUTO-INT-604"]
[Site "http://www.queenalice.com/game.php?id=266997"]
[Date "2007.9.5"]
[Round "1"]
[White "bispo"]
[Black "piemme"]
[Result "0-1"]
[WhiteElo "1591"]
[BlackElo "1741"]

1. e4 c5 2. Nf3 d6 3. d4 Nf6 4. Nc3 Nbd7 5. Bb5 a6 6. Be2 Ng4 7. h3 Ngf6 8. Be3
Qb6 9. dxc5 dxc5 10. Rb1 e6 11. O-O Qc6 12. Nd2 b6 13. f4 c4 14. Nxc4 Nxe4 15.
Bf3 Qxc4 16. Nxe4 Qxa2 17. Nd6+ Bxd6 18. Bxa8 O-O 19. Qxd6 Qa4 0-1

[Event "AUTO-INT-604"]
[Site "http://www.queenalice.com/game.php?id=266998"]
[Date "2007.9.5"]
[Round "1"]
[White "piemme"]
[Black "bispo"]
[Result "1-0"]
[WhiteElo "1701"]
[BlackElo "1651"]

1. c4 c5 2. d3 Nf6 3. e4 Nc6 4. Bg5 e6 5. Nf3 Be7 6. b3 d6 7. Be2 Qc7 8. O-O Bd7
9. Qd2 Nd4 10. Nxd4 cxd4 11. Qb4 d5 12. Qd2 dxe4 13. Bxf6 Bxf6 14. dxe4 O-O 15.
Bf3 Qa5 16. Qxa5 d3 17. Qc7 Bc6 18. Rd1 Rad8 19. e5 Bxf3 20. gxf3 Rd7 21. Qxd7
1-0

[Event "AUTO-INT-610"]
[Site "http://www.queenalice.com/game.php?id=269276"]
[Date "2007.9.9"]
[Round "1"]
[White "bispo"]
[Black "jfox"]
[Result "0-1"]
[WhiteElo "1501"]
[BlackElo "1675"]

1. e4 e5 2. Nf3 Nc6 3. Bb5 d6 4. d4 exd4 5. Nxd4 Bd7 6. Nxc6 Bxc6 7. Bxc6+ bxc6
8. O-O Be7 9. Nc3 Nf6 10. Bg5 h6 11. Bxf6 Bxf6 12. Qf3 Bxc3 13. Qxc3 O-O 14. f4
c5 15. Rae1 Qd7 16. Qg3 h5 0-1

[Event "AUTO-INT-610"]
[Site "http://www.queenalice.com/game.php?id=269277"]
[Date "2007.9.9"]
[Round "1"]
[White "jfox"]
[Black "bispo"]
[Result "1-0"]
[WhiteElo "1665"]
[BlackElo "1511"]

1. e4 c5 2. Nf3 d6 3. Nc3 Nf6 4. Bb5+ Nc6 5. e5 dxe5 6. Bxc6+ bxc6 7. O-O Bg4 8.
h3 Bh5 9. d3 e6 10. Bg5 Be7 11. Ne4 Nxe4 12. Bxe7 Qxe7 13. dxe4 O-O 14. g4 Bg6
15. Nxe5 Bxe4 16. f3 Bd5 17. c4 1-0

[Event "AUTO-INT-610"]
[Site "http://www.queenalice.com/game.php?id=269278"]
[Date "2007.9.9"]
[Round "1"]
[White "bispo"]
[Black "diego2907"]
[Result "0-1"]
[WhiteElo "1670"]
[BlackElo "1694"]

1. e4 d5 2. exd5 Qxd5 3. Nc3 Qe5+ 4. Nge2 Bg4 5. d4 Qf6 6. Qd3 Nc6 7. Nd5 Qd6 8.
Bf4 Qxd5 9. f3 Bf5 10. Qc3 e6 11. Bxc7 Bb4 0-1

[Event "AUTO-INT-610"]
[Site "http://www.queenalice.com/game.php?id=269279"]
[Date "2007.9.9"]
[Round "1"]
[White "diego2907"]
[Black "bispo"]
[Result "1-0"]
[WhiteElo "1641"]
[BlackElo "1469"]

1. e4 c5 2. Bc4 d6 3. d4 cxd4 4. Qxd4 Nc6 5. Qc3 Nf6 6. Bg5 Nxe4 7. Qf3 Nxg5 8.
Qg3 e5 9. Ne2 Qb6 10. b3 Ne4 11. Qf3 f5 12. O-O g5 13. Qh5+ Kd8 14. Bd5 Nf6 15.
Qxg5 Be7 16. Qd2 Nxd5 17. Qxd5 h5 18. Nbc3 f4 19. Nb5 f3 20. Nxd6 Nb4 21. Qxe5
Rg8 22. Nf4 Bxd6 23. Qf6+ Kc7 24. Qf7+ Bd7 25. Ne6+ Kc6 26. c3 1-0

[Event "AUTO-INT-610"]
[Site "http://www.queenalice.com/game.php?id=269280"]
[Date "2007.9.9"]
[Round "1"]
[White "bispo"]
[Black "jailsonjr"]
[Result "0-1"]
[WhiteElo "1534"]
[BlackElo "1629"]

1. e4 e5 2. Nf3 Nc6 3. Bb5 Nge7 4. c3 g6 5. d4 exd4 6. cxd4 a6 7. Ba4 Bg7 8. O-O
O-O 9. Be3 b5 10. Bc2 Nb4 11. Nc3 Bb7 12. e5 Nxc2 13. Qxc2 Bxf3 14. gxf3 d6 15.
f4 Nf5 16. Ne2 Nxe3 17. fxe3 Rc8 0-1

[Event "AUTO-INT-610"]
[Site "http://www.queenalice.com/game.php?id=269281"]
[Date "2007.9.9"]
[Round "1"]
[White "jailsonjr"]
[Black "bispo"]
[Result "1-0"]
[WhiteElo "1641"]
[BlackElo "1522"]

1. e4 c5 2. Nf3 d6 3. Bb5+ Nc6 4. Bxc6+ bxc6 5. O-O e5 6. Nc3 Ne7 7. d3 f5 8.
Bg5 Bb7 9. Bxe7 Bxe7 10. exf5 O-O 11. Ne4 Rxf5 12. Qe2 d5 13. Ng3 Rf7 14. Qxe5
Bd6 15. Qe6 Qf8 16. Rfe1 Bxg3 17. fxg3 Kh8 18. Ne5 1-0

[Event "AUTO-ADV-643"]
[Site "http://www.queenalice.com/game.php?id=269503"]
[Date "2007.9.10"]
[Round "1"]
[White "silverhawks"]
[Black "bispo"]
[Result "1-0"]
[WhiteElo "2014"]
[BlackElo "1579"]

1. Nf3 b6 2. e4 Bb7 3. Nc3 e6 4. d4 Bb4 5. Bd2 Bxc3 6. Bxc3 Bxe4 7. Be2 Ne7 8.
O-O h5 9. Ng5 Bb7 10. Bxh5 Ng6 11. Qf3 Bxf3 12. Nxf3 Rxh5 13. Rad1 Nf4 14. Bd2
g5 15. Bxf4 gxf4 16. Rfe1 d5 17. b3 Ke7 18. c4 c6 19. Rc1 Nd7 20. b4 1-0

[Event "AUTO-ADV-643"]
[Site "http://www.queenalice.com/game.php?id=269504"]
[Date "2007.9.10"]
[Round "1"]
[White "bispo"]
[Black "silverhawks"]
[Result "0-1"]
[WhiteElo "1581"]
[BlackElo "2012"]

1. e4 c5 2. Nf3 Nc6 3. d4 Nf6 4. Nc3 cxd4 5. Nxd4 d6 6. Bg5 a6 7. Be2 e5 8. Nb3
Be7 9. O-O O-O 10. f4 exf4 11. Rxf4 h6 12. Bxf6 Bxf6 13. Nd5 Bxb2 14. Qf1 Be6
15. Rb1 Bd4+ 16. Nxd4 Nxd4 17. Rxb7 Nxe2+ 18. Qxe2 Bxd5 19. exd5 Qc8 0-1

[Event "AUTO-ADV-643"]
[Site "http://www.queenalice.com/game.php?id=269519"]
[Date "2007.9.10"]
[Round "1"]
[White "DURIN09"]
[Black "bispo"]
[Result "1-0"]
[WhiteElo "1961"]
[BlackElo "1471"]

1. d4 d5 2. c4 c6 3. Nc3 Nf6 4. Bg5 e6 5. e3 Nbd7 6. Nf3 Be7 7. Bd3 O-O 8. Qc2
dxc4 9. Bxc4 Nd5 10. Bxe7 Qxe7 11. Bxd5 cxd5 12. O-O b6 13. Rac1 Bb7 14. Qe2
Rac8 15. Rc2 Nf6 16. Rfc1 Rc7 17. Nb5 Rxc2 18. Rxc2 Rc8 19. Nxa7 Ra8 20. Nb5 Ba6
21. a4 Qb4 22. h3 1-0

[Event "AUTO-ADV-643"]
[Site "http://www.queenalice.com/game.php?id=269520"]
[Date "2007.9.10"]
[Round "1"]
[White "bispo"]
[Black "DURIN09"]
[Result "0-1"]
[WhiteElo "1473"]
[BlackElo "1959"]

1. e4 d6 2. d4 Nf6 3. Nc3 g6 4. Nf3 Bg7 5. Be2 O-O 6. O-O e5 7. dxe5 dxe5 8.
Nxe5 Nxe4 9. Qxd8 Rxd8 10. Nxe4 Bxe5 11. Bg5 Re8 12. Bd3 Nd7 13. c3 Bg7 14. h3
h6 15. Bf4 Ne5 16. Rfe1 Bf5 17. Re3 Nxd3 18. Rxd3 Bxe4 19. Rd7 c5 20. g4 Rad8
21. Rad1 Rxd7 0-1

[Event "AUTO-ADV-643"]
[Site "http://www.queenalice.com/game.php?id=269529"]
[Date "2007.9.10"]
[Round "1"]
[White "dwright"]
[Black "bispo"]
[Result "1-0"]
[WhiteElo "1881"]
[BlackElo "1542"]

1. b3 Nc6 2. Bb2 e5 3. Nf3 d6 4. e3 Bg4 5. h3 Bd7 6. Bb5 Be7 7. Bxc6 Bxc6 8. d3
Nf6 9. Nbd2 Qd7 10. O-O O-O-O 11. a4 Ng8 12. Nc4 f5 13. d4 e4 14. Ne1 Nf6 15.
Na5 g5 16. Nxc6 1-0

[Event "AUTO-ADV-643"]
[Site "http://www.queenalice.com/game.php?id=269530"]
[Date "2007.9.10"]
[Round "1"]
[White "bispo"]
[Black "dwright"]
[Result "0-1"]
[WhiteElo "1540"]
[BlackElo "1883"]

1. Nf3 d5 2. c4 d4 3. d3 Nc6 4. g3 e5 5. Bg2 Bb4+ 6. Bd2 a5 7. a3 Bxd2+ 8. Nbxd2
Nge7 9. O-O O-O 10. Re1 Bg4 11. Nf1 Ng6 12. e3 Qf6 13. exd4 exd4 14. h3 Bxf3 15.
Bxf3 Nge5 0-1